Jakub

Hlavní autor: Nedvěd, Jan, 1946-
Další autoři: Nedvěd, František, 1947-2021
Jazyk: Čeština
Vydáno: Praha : BMG Ariola ČR/SR, p1991
Témata:
Fyzický popis: 1 MC : Dolby systém + 1 složený list.
Zvukové nahrávky
Uloženo v:
LEADER 01442njm a2200505 a 4500
001 000405735
003 CZ BrMZK
005 19950101143423.0
008 950101s1991 xr f cze d
028 0 3 |a 74321 57431 4  |b BMG Ariola ČR/SR 
040 |a BOA001  |b cze 
080 |a 784.4.03"199"(086.7)  |2 MRF 
100 1 |a Nedvěd, Jan,  |d 1946-  |7 jn19990209580  |4 cmp  |4 prf  |4 lyr 
245 1 0 |a Jakub  |h [zvukový záznam] /  |c Honza Nedvěd. 
246 3 3 |a Marod 
246 3 3 |a Podvod 
246 3 3 |a Razítka 
246 3 3 |a Užovka 
246 3 3 |a Vrány 
246 3 3 |a Šňůrky 
246 3 3 |a Budík 
246 3 3 |a Hance 
246 3 3 |a Holky 
246 3 3 |a Jakub 
246 3 3 |a Ježek 
246 3 3 |a Kroužek 
246 3 3 |a Kužel 
246 3 3 |a Kyjovská hospoda 
246 3 3 |a Luka pod Medníkem 
246 3 3 |a Lék 
246 3 3 |a Lístek 
246 3 3 |a Manitu 
260 |a Praha :  |b BMG Ariola ČR/SR,  |c p1991 
300 |a 1 MC :  |b Dolby systém +  |e 1 složený list. 
306 |a 004450 
500 |a Nahr. neuv 
500 |a Durata 44:50 
505 2 |a Budík, Hance, Holky ... [et al.] 
511 0 |a František Nedvěd, zpěv 
653 0 |a folková hudba 
700 1 |a Nedvěd, František,  |d 1947-2021  |7 jn19990209579  |4 prf 
910 |a BOA001  |b KZ-0007.096 
964 |a Hudba folková  |z stol.20.,léta 90.  |x MC 
990 |a AV 
996 6 |b 261H007564  |c KZ-0007.096  |l MZK  |r Sklad / do 24 hodin  |n 0  |p p.v.  |w 000405735  |u 000010  |a 1  |e BOA001  |j MZK50  |s P